[Event "DEM U14 2017"]
[Site "Willingen GER"]
[Date "2017.06.04"]
[Round "1"]
[White "Longo, Massimo"]
[Black "Liebold, Aaron"]
[Result "1-0"]
[Termination "normal"]
[Board "21"]
[WhiteElo "1912"]
[BlackElo "1746"]
[PlyCount "45"]
[WhiteFideId "16205227"]
[BlackFideId "12997846"]
[EventCountry "GER"]
[EventRounds "9"]
[EventType "swiss"]
[EventDate "2017.06.03"]

1. d4 Nf6 2. Nf3 e6 3. Bg5 d5 4. e3 Be7 5. Bd3 b6 6. Nbd2 Bb7 7. O-O c5 8. c3
Nbd7 9. Ne5 Nxe5 10. dxe5 Nd7 11. Bf4 Qc7 12. Nf3 g5 13. Nxg5 Bxg5 14. Bxg5
Qxe5 15. Bf4 Qg7 16. Bb5 e5 17. Bxd7+ Kxd7 18. Bg3 Ke6 19. f4 f6 20. e4 dxe4
21. Qb3+ Ke7 22. fxe5 fxe5 23. Rf5 1-0

[Event "DEM U14 2017"]
[Site "Willingen GER"]
[Date "2017.06.04"]
[Round "1"]
[White "Buller, Ian Joshua"]
[Black "Bosselmann, Tom Linus"]
[Result "0-1"]
[Termination "normal"]
[Board "22"]
[WhiteElo "1646"]
[BlackElo "1930"]
[PlyCount "78"]
[WhiteFideId "12990655"]
[BlackFideId "12983845"]
[EventCountry "GER"]
[EventRounds "9"]
[EventType "swiss"]
[EventDate "2017.06.03"]

1. e4 c5 2. Nf3 d6 3. Bb5+ Bd7 4. Bxd7+ Nxd7 5. c4 Ngf6 6. Nc3 g6 7. d4 cxd4 8.
Nxd4 Bg7 9. Be3 Rc8 10. b3 a6 11. Rc1 O-O 12. O-O Ne5 13. h3 Nc6 14. Nde2 Qa5
15. Qd2 b5 16. Nd5 Qxd2 17. Bxd2 Nxd5 18. cxd5 Ne5 19. Rxc8 Rxc8 20. Rc1 Rxc1+
21. Bxc1 Nd3 22. Bd2 Bb2 23. Bc3 Bxc3 24. Nxc3 Nc1 25. Kf1 b4 26. Ne2 Nxa2 27.
Ke1 Kg7 28. Kd2 Kf6 29. Kd3 e6 30. Kd4 exd5 31. exd5 Nc3 32. Nxc3 bxc3 33. Kxc3
Ke5 34. Kc4 g5 35. f3 f5 36. Kb4 Kxd5 37. Ka5 Kc5 38. Kxa6 Kb4 39. Kb6 d5 0-1

[Event "DEM U14 2017"]
[Site "Willingen GER"]
[Date "2017.06.04"]
[Round "1"]
[White "Burian, Simon"]
[Black "Jeschke, Jan"]
[Result "1-0"]
[Termination "normal"]
[Board "23"]
[WhiteElo "1934"]
[BlackElo "1284"]
[PlyCount "93"]
[WhiteFideId "12956902"]
[BlackFideId "16225430"]
[EventCountry "GER"]
[EventRounds "9"]
[EventType "swiss"]
[EventDate "2017.06.03"]

1. e4 e6 2. d4 d5 3. Nd2 Nf6 4. e5 Nfd7 5. c3 c5 6. f4 Nc6 7. Ndf3 Nb6 8. a3
Bd7 9. Bd3 Be7 10. Ne2 Na5 11. dxc5 Bxc5 12. b4 Ba4 13. Bc2 Bxc2 14. Qxc2 d4
15. cxd4 Bxb4+ 16. axb4 Rc8 17. Qd3 Nac4 18. Rxa7 Qe7 19. O-O Nd5 20. Ba3 Nxa3
21. Qxa3 O-O 22. Rb1 g6 23. Ra5 Rc2 24. Rb2 Ne3 25. Rxc2 Nxc2 26. Qb3 Nxb4 27.
Rb5 Nd5 28. Rxb7 Qd8 29. Qb5 Qc8 30. Ng5 Qc2 31. Nxe6 Qd2 32. h3 Qe1+ 33. Kh2
Ne3 34. Ng3 Qf2 35. Qe2 Qxe2 36. Nxe2 fxe6 37. Re7 Nd5 38. Rxe6 Nxf4 39. Nxf4
Rxf4 40. d5 Kf7 41. Ra6 Rf5 42. e6+ Ke7 43. Ra7+ Kd6 44. Rd7+ Kc5 45. e7 Re5
46. d6 Kc6 47. Rd8 1-0

[Event "DEM U14 2017"]
[Site "Willingen GER"]
[Date "2017.06.04"]
[Round "1"]
[White "Jungandreas, Tillmann"]
[Black "Yankelevich, Michael"]
[Result "0-1"]
[Termination "normal"]
[Board "24"]
[WhiteElo "1414"]
[BlackElo "1886"]
[PlyCount "58"]
[WhiteFideId "16244664"]
[BlackFideId "12921440"]
[EventCountry "GER"]
[EventRounds "9"]
[EventType "swiss"]
[EventDate "2017.06.03"]

1. e4 c5 2. Nf3 e6 3. d4 cxd4 4. Nxd4 Nf6 5. Bd3 Nc6 6. Nxc6 bxc6 7. O-O Qc7 8.
Qf3 d5 9. b3 Qe5 10. c3 dxe4 11. Qe2 Bd6 12. f4 Qc5+ 13. Be3 exd3 14. Qxd3 Qd5
15. Qe2 Bc5 16. Nd2 Ne4 17. Nxe4 Qxe4 18. Rfe1 Bxe3+ 19. Qxe3 Qxe3+ 20. Rxe3
Ke7 21. Rd1 Rd8 22. Rc1 Rd2 23. a4 Bb7 24. b4 Rad8 25. Rg3 g6 26. Rh3 h5 27.
Rg3 Ra2 28. a5 Rdd2 29. Kh1 Rf2 0-1

[Event "DEM U14 2017"]
[Site "Willingen GER"]
[Date "2017.06.06"]
[Round "5"]
[White "Pajeken, Jakob Leon"]
[Black "Kopylov, Daniel"]
[Result "1-0"]
[Termination "normal"]
[Board "1"]
[WhiteElo "2120"]
[BlackElo "2138"]
[WhiteClock "00:41:30"]
[BlackClock "00:12:53"]
[PlyCount "113"]
[WhiteFideId "12942839"]
[BlackFideId "12921971"]
[EventCountry "GER"]
[EventRounds "9"]
[EventType "swiss"]
[EventDate "2017.06.03"]

1. e4 {[%clk 1:30:40]} 1... e6 {[%clk 1:30:33]} 2. d4 {[%clk 1:30:48]} 2... d5
{[%clk 1:30:46]} 3. Nc3 {[%clk 1:30:46]} 3... dxe4 {[%clk 1:30:44]} 4. Nxe4 {
[%clk 1:31:06]} 4... Bd7 {[%clk 1:30:36]} 5. Nf3 {[%clk 1:30:40]} 5... Bc6 {
[%clk 1:30:47]} 6. Bd3 {[%clk 1:30:48]} 6... Nd7 {[%clk 1:30:43]} 7. O-O {
[%clk 1:30:11]} 7... Ngf6 {[%clk 1:29:59]} 8. Ng3 {[%clk 1:30:03]} 8... Be7 {
[%clk 1:29:21]} 9. c3 {[%clk 1:21:41]} 9... O-O {[%clk 1:26:32]} 10. Re1 {
[%clk 1:19:31]} 10... h6 {[%clk 1:22:05]} 11. Bd2 {[%clk 1:14:29]} 11... Bxf3 {
[%clk 1:17:51]} 12. Qxf3 {[%clk 1:14:22]} 12... c6 {[%clk 1:18:03]} 13. Rad1 {
[%clk 1:13:28]} 13... Qb6 {[%clk 1:09:57]} 14. Bc1 {[%clk 1:13:06]} 14... c5 {
[%clk 1:04:52]} 15. Bc2 {[%clk 1:07:14]} 15... cxd4 {[%clk 1:04:01]} 16. Rxd4 {
[%clk 1:06:49]} 16... Rfd8 {[%clk 1:03:07]} 17. Rd2 {[%clk 0:56:46]} 17... Nf8
{[%clk 0:58:27]} 18. Rde2 {[%clk 0:56:37]} 18... Rd7 {[%clk 0:48:53]} 19. Ba4 {
[%clk 0:53:24]} 19... Rd5 {[%clk 0:47:31]} 20. Bb3 {[%clk 0:52:44]} 20... Rd7 {
[%clk 0:47:41]} 21. Nf5 {[%clk 0:49:51]} 21... Qd8 {[%clk 0:40:18]} 22. Nxe7+ {
[%clk 0:46:01]} 22... Qxe7 {[%clk 0:40:04]} 23. Be3 {[%clk 0:45:20]} 23... a6 {
[%clk 0:27:36]} 24. Bd4 {[%clk 0:43:12]} 24... Qd8 {[%clk 0:27:16]} 25. h3 {
[%clk 0:40:52]} 25... Ng6 {[%clk 0:26:14]} 26. Bc2 {[%clk 0:38:54]} 26... Nh4 {
[%clk 0:20:48]} 27. Qg3 {[%clk 0:35:21]} 27... Nh5 {[%clk 0:19:50]} 28. Qg4 {
[%clk 0:34:43]} 28... Qg5 {[%clk 0:19:07]} 29. Qxg5 {[%clk 0:21:44]} 29... hxg5
{[%clk 0:19:35]} 30. Re3 {[%clk 0:21:37]} 30... Rad8 {[%clk 0:09:44]} 31. g3 {
[%clk 0:20:21]} 31... Nf5 {[%clk 0:08:46]} 32. Bxf5 {[%clk 0:20:41]} 32... exf5
{[%clk 0:09:15]} 33. Re5 {[%clk 0:20:46]} 33... Rd5 {[%clk 0:08:32]} 34. Rxd5 {
[%clk 0:21:10]} 34... Rxd5 {[%clk 0:08:57]} 35. Re8+ {[%clk 0:21:29]} 35... Kh7
{[%clk 0:09:04]} 36. Re7 {[%clk 0:21:51]} 36... b5 {[%clk 0:05:09]} 37. Rxf7 {
[%clk 0:21:12]} 37... Kg6 {[%clk 0:05:37]} 38. Ra7 {[%clk 0:20:06]} 38... Rd6 {
[%clk 0:05:58]} 39. Kg2 {[%clk 0:18:58]} 39... Nf6 {[%clk 0:05:52]} 40. f3 {
[%clk 0:17:16]} 40... Re6 {[%clk 0:05:40]} 41. Kf2 {[%clk 0:16:55]} 41... g4 {
[%clk 0:26:25]} 42. hxg4 {[%clk 0:47:38]} 42... fxg4 {[%clk 0:26:51]} 43. fxg4
{[%clk 0:47:47]} 43... Nxg4+ {[%clk 0:25:05]} 44. Kf3 {[%clk 0:47:29]} 44...
Nf6 {[%clk 0:22:18]} 45. g4 {[%clk 0:47:15]} 45... Ne8 {[%clk 0:19:50]} 46. Kf4
{[%clk 0:46:18]} 46... Nf6 {[%clk 0:20:07]} 47. Kf3 {[%clk 0:44:41]} 47... Ne8
{[%clk 0:19:10]} 48. Rd7 {[%clk 0:44:39]} 48... Nf6 {[%clk 0:18:52]} 49. Rb7 {
[%clk 0:44:48]} 49... Ne8 {[%clk 0:16:50]} 50. b3 {[%clk 0:44:18]} 50... Nf6 {
[%clk 0:16:04]} 51. a4 {[%clk 0:43:27]} 51... bxa4 {[%clk 0:15:49]} 52. bxa4 {
[%clk 0:43:51]} 52... Ne8 {[%clk 0:16:01]} 53. a5 {[%clk 0:43:52]} 53... Nf6 {
[%clk 0:13:59]} 54. Rb6 {[%clk 0:42:16]} 54... Re1 {[%clk 0:12:13]} 55. Rxa6 {
[%clk 0:42:16]} 55... Kg5 {[%clk 0:12:37]} 56. Ra7 {[%clk 0:41:23]} 56... g6 {
[%clk 0:12:53]} 57. Be3+ {[%clk 0:41:30]} 1-0

[Event "DEM U14 2017"]
[Site "Willingen GER"]
[Date "2017.06.06"]
[Round "5"]
[White "Svane, Frederik"]
[Black "Tong, Kevin"]
[Result "1/2-1/2"]
[Termination "normal"]
[Board "2"]
[WhiteElo "2204"]
[BlackElo "2143"]
[WhiteClock "00:34:20"]
[BlackClock "00:22:17"]
[PlyCount "89"]
[WhiteFideId "12923044"]
[BlackFideId "12913944"]
[EventCountry "GER"]
[EventRounds "9"]
[EventType "swiss"]
[EventDate "2017.06.03"]

1. e4 {[%clk 1:30:58]} 1... e5 {[%clk 1:30:36]} 2. Nf3 {[%clk 1:31:26]} 2...
Nc6 {[%clk 1:30:41]} 3. Bb5 {[%clk 1:31:55]} 3... a6 {[%clk 1:30:21]} 4. Ba4 {
[%clk 1:32:22]} 4... Nf6 {[%clk 1:29:59]} 5. d3 {[%clk 1:32:50]} 5... d6 {
[%clk 1:29:04]} 6. O-O {[%clk 1:33:00]} 6... g6 {[%clk 1:27:21]} 7. Nc3 7...
Bg7 {[%clk 1:25:58]} 8. d4 {[%clk 1:23:56]} 8... exd4 {[%clk 1:13:55]} 9. Nxd4
{[%clk 1:21:05]} 9... Bd7 {[%clk 1:12:27]} 10. Nxc6 {[%clk 1:21:02]} 10... Bxc6
{[%clk 1:05:26]} 11. Bxc6+ {[%clk 1:21:16]} 11... bxc6 {[%clk 1:05:44]} 12. Qf3
{[%clk 1:21:01]} 12... Nd7 {[%clk 1:04:02]} 13. b3 {[%clk 1:15:50]} 13... O-O {
[%clk 0:57:39]} 14. Bb2 {[%clk 1:16:14]} 14... Re8 {[%clk 0:50:19]} 15. Rad1 {
[%clk 1:15:07]} 15... Qh4 {[%clk 0:44:59]} 16. Rfe1 {[%clk 1:13:09]} 16... Ne5
{[%clk 0:33:05]} 17. Qg3 {[%clk 1:06:37]} 17... Qxg3 {[%clk 0:30:41]} 18. hxg3
{[%clk 1:07:03]} 18... Nd7 {[%clk 0:28:54]} 19. Na4 {[%clk 1:00:34]} 19... Re7
{[%clk 0:26:46]} 20. f3 {[%clk 0:55:58]} 20... Rae8 {[%clk 0:24:44]} 21. Bxg7 {
[%clk 0:55:34]} 21... Kxg7 {[%clk 0:24:59]} 22. Kf2 {[%clk 0:56:00]} 22... h5 {
[%clk 0:20:15]} 23. c4 {[%clk 0:53:01]} 23... Re5 {[%clk 0:19:06]} 24. Nc3 {
[%clk 0:49:22]} 24... Nc5 {[%clk 0:09:12]} 25. Ne2 {[%clk 0:43:07]} 25... Ne6 {
[%clk 0:06:27]} 26. Nf4 {[%clk 0:39:51]} 26... Nc5 {[%clk 0:04:30]} 27. Re2 {
[%clk 0:35:44]} 27... a5 {[%clk 0:04:25]} 28. Red2 {[%clk 0:34:46]} 28... R5e7
{[%clk 0:03:55]} 29. Ne2 {[%clk 0:34:44]} 29... Ne6 {[%clk 0:03:56]} 30. Rc1 {
[%clk 0:20:03]} 30... Ra8 {[%clk 0:03:51]} 31. Nc3 {[%clk 0:19:15]} 31... Nc5 {
[%clk 0:03:55]} 32. Rcc2 {[%clk 0:18:01]} 32... Rb8 {[%clk 0:03:47]} 33. Rb2 {
[%clk 0:16:47]} 33... Ree8 {[%clk 0:03:37]} 34. Kf1 {[%clk 0:13:24]} 34... Kf6
{[%clk 0:03:10]} 35. Ke2 {[%clk 0:09:52]} 35... Kg7 {[%clk 0:02:21]} 36. Kd1 {
[%clk 0:09:24]} 36... Rb6 {[%clk 0:02:20]} 37. Ne2 {[%clk 0:05:15]} 37... Ne6 {
[%clk 0:01:45]} 38. Nf4 {[%clk 0:04:13]} 38... Nc5 {[%clk 0:01:32]} 39. Nd3 {
[%clk 0:04:40]} 39... Nxd3 {[%clk 0:01:41]} 40. Rxd3 {[%clk 0:05:07]} 40... c5
{[%clk 0:01:32]} 41. a4 {[%clk 0:05:26]} 41... Rbb8 {[%clk 0:01:20]} 42. Rbd2 {
[%clk 0:05:24]} 42... Re5 {[%clk 0:28:07]} 43. Kc2 {[%clk 0:35:39]} 43... Rbe8
{[%clk 0:28:19]} 44. Rd5 {[%clk 0:34:20]} 44... f6 {[%clk 0:22:17]} 45. Kc3
1/2-1/2

[Event "DEM U14 2017"]
[Site "Willingen GER"]
[Date "2017.06.06"]
[Round "5"]
[White "Wachinger, Nikolas"]
[Black "Dobrikov, Marco"]
[Result "1/2-1/2"]
[Termination "normal"]
[Board "3"]
[WhiteElo "2055"]
[BlackElo "2012"]
[WhiteClock "00:12:59"]
[BlackClock "01:08:59"]
[PlyCount "90"]
[WhiteFideId "12962791"]
[BlackFideId "12950378"]
[EventCountry "GER"]
[EventRounds "9"]
[EventType "swiss"]
[EventDate "2017.06.03"]

1. e4 {[%clk 1:30:57]} 1... c5 {[%clk 1:30:53]} 2. Nf3 {[%clk 1:31:20]} 2... d6
{[%clk 1:31:16]} 3. Bb5+ {[%clk 1:31:30]} 3... Nd7 {[%clk 1:31:34]} 4. O-O {
[%clk 1:31:45]} 4... a6 {[%clk 1:31:46]} 5. Bd3 {[%clk 1:31:55]} 5... b5 {
[%clk 1:30:19]} 6. c4 {[%clk 1:19:05]} 6... Ne5 {[%clk 1:24:58]} 7. Nxe5 {
[%clk 1:16:57]} 7... dxe5 {[%clk 1:25:17]} 8. Qe2 {[%clk 1:16:29]} 8... b4 {
[%clk 1:24:09]} 9. Bc2 {[%clk 1:12:09]} 9... Bd7 {[%clk 1:21:35]} 10. d3 {
[%clk 1:07:17]} 10... Nf6 {[%clk 1:21:29]} 11. Nd2 {[%clk 1:03:50]} 11... e6 {
[%clk 1:20:32]} 12. a3 {[%clk 1:01:08]} 12... a5 {[%clk 1:19:29]} 13. axb4 {
[%clk 1:00:27]} 13... axb4 {[%clk 1:19:37]} 14. Rxa8 {[%clk 0:59:47]} 14...
Qxa8 {[%clk 1:20:05]} 15. Nb3 {[%clk 0:59:03]} 15... Ba4 {[%clk 1:18:57]} 16.
Be3 {[%clk 0:57:46]} 16... Bxb3 {[%clk 1:18:58]} 17. Bxb3 {[%clk 0:58:04]}
17... Be7 {[%clk 1:18:23]} 18. Rb1 {[%clk 0:48:18]} 18... O-O {[%clk 1:17:01]}
19. Qd1 {[%clk 0:46:18]} 19... Qb7 {[%clk 1:16:22]} 20. Ra1 {[%clk 0:45:40]}
20... Ra8 {[%clk 1:16:37]} 21. h3 {[%clk 0:44:02]} 21... Nd7 {[%clk 1:11:21]}
22. Qb1 {[%clk 0:27:47]} 22... Ra7 {[%clk 1:10:56]} 23. Rxa7 {[%clk 0:24:45]}
23... Qxa7 {[%clk 1:11:23]} 24. Qa2 {[%clk 0:23:21]} 24... Qxa2 {[%clk 1:11:40]
} 25. Bxa2 {[%clk 0:23:45]} 25... Nb8 {[%clk 1:11:02]} 26. Bb3 {[%clk 0:23:43]}
26... Nc6 {[%clk 1:11:23]} 27. Ba4 {[%clk 0:22:29]} 27... Nd4 {[%clk 1:11:47]}
28. Kf1 {[%clk 0:22:01]} 28... f6 {[%clk 1:11:19]} 29. g3 {[%clk 0:21:11]}
29... Bd6 {[%clk 1:11:08]} 30. Ke1 {[%clk 0:17:58]} 30... Kf7 {[%clk 1:11:25]}
31. Kd2 {[%clk 0:16:41]} 31... Ke7 {[%clk 1:11:29]} 32. Bxd4 {[%clk 0:15:24]}
32... exd4 {[%clk 1:11:45]} 33. Ke2 {[%clk 0:15:36]} 33... Kf7 {[%clk 1:11:04]}
34. f4 {[%clk 0:15:38]} 34... e5 {[%clk 1:09:11]} 35. f5 {[%clk 0:15:31]} 35...
Be7 {[%clk 1:08:52]} 36. h4 {[%clk 0:14:58]} 36... Bd8 {[%clk 1:09:11]} 37. Kf3
{[%clk 0:14:56]} 37... Be7 {[%clk 1:09:04]} 38. Kg4 {[%clk 0:14:54]} 38... Bd8
{[%clk 1:08:11]} 39. Bc6 {[%clk 0:14:24]} 39... Be7 {[%clk 1:08:31]} 40. Bd5+ {
[%clk 0:14:38]} 40... Kf8 {[%clk 1:08:54]} 41. Kf3 {[%clk 0:14:01]} 41... h6 {
[%clk 1:08:08]} 42. Ke2 {[%clk 0:13:51]} 42... Bd8 {[%clk 1:07:46]} 43. Kd1 {
[%clk 0:13:37]} 43... Ke7 {[%clk 1:08:14]} 44. Kc2 {[%clk 0:13:43]} 44... Kd6 {
[%clk 1:08:42]} 45. Kb3 {[%clk 0:12:59]} 45... Kc7 {[%clk 1:08:59]} 1/2-1/2

[Event "DEM U14 2017"]
[Site "Willingen GER"]
[Date "2017.06.06"]
[Round "5"]
[White "Wu, Leon"]
[Black "Zimmer, Raphael"]
[Result "1/2-1/2"]
[Termination "normal"]
[Board "4"]
[WhiteElo "1957"]
[BlackElo "2065"]
[WhiteClock "00:10:15"]
[BlackClock "00:40:14"]
[PlyCount "100"]
[WhiteFideId "12977438"]
[BlackFideId "12978841"]
[EventCountry "GER"]
[EventRounds "9"]
[EventType "swiss"]
[EventDate "2017.06.03"]

1. e4 {[%clk 1:30:53]} 1... e5 {[%clk 1:30:51]} 2. Nf3 {[%clk 1:31:08]} 2...
Nc6 {[%clk 1:31:12]} 3. Bb5 {[%clk 1:31:22]} 3... a6 {[%clk 1:31:36]} 4. Ba4 {
[%clk 1:31:15]} 4... Nf6 {[%clk 1:31:46]} 5. O-O {[%clk 1:31:07]} 5... Be7 {
[%clk 1:32:06]} 6. Re1 {[%clk 1:31:19]} 6... b5 {[%clk 1:32:19]} 7. Bb3 { [%clk
1:31:42]} 7... O-O {[%clk 1:32:20]} 8. c3 {[%clk 1:31:22]} 8... d5 { [%clk
1:31:57]} 9. exd5 {[%clk 1:31:17]} 9... Nxd5 {[%clk 1:32:11]} 10. Nxe5 { [%clk
1:30:43]} 10... Nxe5 {[%clk 1:32:00]} 11. Rxe5 {[%clk 1:30:54]} 11... Nf6
{[%clk 1:31:46]} 12. d4 {[%clk 1:30:07]} 12... Bd6 {[%clk 1:30:48]} 13. Re1 {
[%clk 1:29:46]} 13... Ng4 {[%clk 1:30:50]} 14. h3 {[%clk 1:29:25]} 14... Qh4 {
[%clk 1:28:25]} 15. Qf3 {[%clk 1:28:48]} 15... Nxf2 {[%clk 1:27:56]} 16. Re3 {
[%clk 1:27:57]} 16... Nd3 {[%clk 1:22:14]} 17. g3 {[%clk 1:26:27]} 17... Qh6 {
[%clk 1:19:28]} 18. Bd2 {[%clk 1:10:19]} 18... Qg6 {[%clk 1:04:29]} 19. Qxa8 {
[%clk 0:40:32]} 19... Nf4 {[%clk 0:55:15]} 20. Qf3 {[%clk 0:26:11]} 20... Nxh3+
{[%clk 0:49:46]} 21. Kf1 {[%clk 0:23:37]} 21... Bg4 {[%clk 0:47:36]} 22. Qg2 {
[%clk 0:23:06]} 22... h5 {[%clk 0:44:48]} 23. Na3 {[%clk 0:19:11]} 23... h4 {
[%clk 0:40:29]} 24. gxh4 {[%clk 0:17:02]} 24... Qf6+ {[%clk 0:40:21]} 25. Ke1 {
[%clk 0:16:08]} 25... Qxh4+ {[%clk 0:40:42]} 26. Kf1 {[%clk 0:16:07]} 26... Nf4
{[%clk 0:37:25]} 27. Qf2 {[%clk 0:06:59]} 27... Bh3+ {[%clk 0:27:07]} 28. Rxh3
{[%clk 0:05:01]} 28... Qxh3+ {[%clk 0:27:31]} 29. Kg1 {[%clk 0:05:25]} 29...
Qg4+ {[%clk 0:27:51]} 30. Kf1 {[%clk 0:05:14]} 30... Nh3 {[%clk 0:27:52]} 31.
Qe3 {[%clk 0:02:54]} 31... Bf4 {[%clk 0:26:00]} 32. Bd1 {[%clk 0:00:47]} 32...
Qd7 {[%clk 0:24:09]} 33. Qd3 {[%clk 0:00:38]} 33... Bxd2 {[%clk 0:24:05]} 34.
Qxd2 {[%clk 0:01:03]} 34... Qf5+ {[%clk 0:24:30]} 35. Kg2 {[%clk 0:01:02]}
35... Re8 {[%clk 0:24:17]} 36. Bf3 {[%clk 0:01:07]} 36... Ng5 {[%clk 0:24:22]}
37. Bb7 {[%clk 0:00:39]} 37... Qg4+ {[%clk 0:22:49]} 38. Kf1 {[%clk 0:00:45]}
38... Nh3 {[%clk 0:22:53]} 39. Qg2 {[%clk 0:00:38]} 39... Qf5+ {[%clk 0:23:08]}
40. Qf3 {[%clk 0:00:39]} 40... Nf4 {[%clk 0:21:08]} 41. Re1 {[%clk 0:29:07]}
41... Rxe1+ {[%clk 0:50:15]} 42. Kxe1 {[%clk 0:29:32]} 42... g5 {[%clk 0:50:33]
} 43. Kf1 {[%clk 0:26:18]} 43... g4 {[%clk 0:50:20]} 44. Be4 {[%clk 0:25:31]}
44... Qg5 {[%clk 0:50:42]} 45. Qe3 {[%clk 0:22:35]} 45... g3 {[%clk 0:48:20]}
46. Bg2 {[%clk 0:17:48]} 46... Qg4 {[%clk 0:43:41]} 47. Qe8+ {[%clk 0:12:25]}
47... Kg7 {[%clk 0:44:01]} 48. Qe5+ {[%clk 0:12:31]} 48... Kh7 {[%clk 0:42:50]}
49. Be4+ {[%clk 0:10:09]} 49... Kg8 {[%clk 0:39:54]} 50. Qe8+ {[%clk 0:10:15]}
50... Kg7 {[%clk 0:40:14]} 1/2-1/2

[Event "DEM U14 2017"]
[Site "Willingen GER"]
[Date "2017.06.06"]
[Round "5"]
[White "Sulayev, Daniel"]
[Black "Trifan, Andrei Ioan"]
[Result "1-0"]
[Termination "normal"]
[Board "5"]
[WhiteElo "1961"]
[BlackElo "2176"]
[WhiteClock "01:15:25"]
[BlackClock "00:56:30"]
[PlyCount "87"]
[WhiteFideId "12977675"]
[BlackFideId "12967068"]
[EventCountry "GER"]
[EventRounds "9"]
[EventType "swiss"]
[EventDate "2017.06.03"]

1. e4 {[%clk 1:30:58]} 1... e5 {[%clk 1:30:44]} 2. Nf3 {[%clk 1:31:22]} 2...
Nc6 {[%clk 1:31:10]} 3. Bb5 {[%clk 1:31:46]} 3... a6 {[%clk 1:31:22]} 4. Ba4 {
[%clk 1:32:10]} 4... Nf6 {[%clk 1:31:35]} 5. O-O {[%clk 1:32:32]} 5... Be7 {
[%clk 1:31:34]} 6. Qe2 {[%clk 1:32:56]} 6... b5 {[%clk 1:31:38]} 7. Bb3 { [%clk
1:33:19]} 7... O-O {[%clk 1:30:54]} 8. d4 {[%clk 1:33:34]} 8... Nxd4 { [%clk
1:30:30]} 9. Nxd4 {[%clk 1:33:59]} 9... exd4 {[%clk 1:30:55]} 10. e5 { [%clk
1:34:21]} 10... Ne8 {[%clk 1:30:21]} 11. c3 {[%clk 1:34:45]} 11... c5 { [%clk
1:29:58]} 12. cxd4 {[%clk 1:35:09]} 12... c4 {[%clk 1:29:57]} 13. Bc2 { [%clk
1:35:30]} 13... d5 {[%clk 1:29:32]} 14. Nc3 {[%clk 1:34:33]} 14... g6 { [%clk
1:21:22]} 15. Nxd5 {[%clk 1:34:29]} 15... Qxd5 {[%clk 1:15:43]} 16. Be4 { [%clk
1:34:50]} 16... Qxd4 {[%clk 1:16:09]} 17. Bxa8 {[%clk 1:35:08]} 17... Bf5
{[%clk 1:16:34]} 18. Rd1 {[%clk 1:30:55]} 18... Bd3 {[%clk 1:16:44]} 19. Qe3 {
[%clk 1:30:43]} 19... Bc5 {[%clk 1:16:58]} 20. Qxd4 {[%clk 1:28:52]} 20... Bxd4
{[%clk 1:17:27]} 21. Be4 {[%clk 1:29:02]} 21... Bxb2 {[%clk 1:15:46]} 22. Bxb2
{[%clk 1:29:25]} 22... Bxe4 {[%clk 1:16:07]} 23. Ba3 {[%clk 1:29:52]} 23... Bd3
{[%clk 1:15:52]} 24. Bxf8 {[%clk 1:28:46]} 24... Kxf8 {[%clk 1:15:33]} 25. Rxd3
{[%clk 1:25:17]} 25... cxd3 {[%clk 1:16:02]} 26. Rd1 {[%clk 1:25:33]} 26... Ke7
{[%clk 1:15:47]} 27. Rxd3 {[%clk 1:25:51]} 27... Nc7 {[%clk 1:13:05]} 28. Rd6 {
[%clk 1:25:05]} 28... b4 {[%clk 1:11:30]} 29. Rb6 {[%clk 1:23:33]} 29... a5 {
[%clk 1:11:55]} 30. Rb7 {[%clk 1:23:56]} 30... Kd7 {[%clk 1:10:19]} 31. Ra7 {
[%clk 1:24:03]} 31... Kc6 {[%clk 1:08:47]} 32. e6 {[%clk 1:20:47]} 32... Nxe6 {
[%clk 1:04:51]} 33. Rxa5 {[%clk 1:20:42]} 33... Kb6 {[%clk 1:03:55]} 34. Ra8 {
[%clk 1:19:49]} 34... Nd4 {[%clk 1:01:17]} 35. Kf1 {[%clk 1:18:34]} 35... Kb5 {
[%clk 0:58:12]} 36. Ra7 {[%clk 1:16:58]} 36... Kc4 {[%clk 0:54:25]} 37. Rxf7 {
[%clk 1:15:52]} 37... Nb5 {[%clk 0:54:26]} 38. Rxh7 {[%clk 1:14:41]} 38... Nc3
{[%clk 0:54:54]} 39. Ra7 {[%clk 1:14:51]} 39... Kd3 {[%clk 0:55:19]} 40. h4 {
[%clk 1:14:43]} 40... Kc2 {[%clk 0:55:40]} 41. g4 {[%clk 1:14:44]} 41... Kb2 {
[%clk 0:56:05]} 42. h5 {[%clk 1:15:00]} 42... gxh5 {[%clk 0:56:30]} 43. gxh5 {
[%clk 1:15:25]} 43... Nxa2 44. Rb7 1-0